Sklářství
| Format: | Book |
|---|---|
| Language: | Undetermined |
| PhysicalDescription: | 30 s. |
| Published: |
Liberec
Knihovna V. Kopeckého
1979
|
MARC
| LEADER | 00000nam a2200000 a 4500 | ||
|---|---|---|---|
| 001 | vtls001399313 | ||
| 003 | SK-MaSNL | ||
| 005 | 20260224112339.0 | ||
| 008 | 210928s1979 xx 0 und | ||
| 035 | |a SNK000353774 | ||
| 040 | |a SNK |b slo |c SNK |e AACR2 | ||
| 245 | 1 | |a Sklářství | |
| 260 | |a Liberec |b Knihovna V. Kopeckého |c 1979 | ||
| 300 | |a 30 s. | ||
| 958 | |a OND | ||
| 999 | |c 982621 |d 984551 | ||
| 952 | |t P60, <04>, [BOOK], {604} |a SNK |b SNK |y VYP |7 0 |p 17A0255878 |o snkIC 83375 |0 0 |1 0 |4 0 |d 2000-10-31 |l 0 |r 2005-01-02 00:00:00 |w 2026-02-24 | ||


